Beethoven: his spiritual development

Saved in:
Bibliographic Details
Main Author: Sullivan, J. W (Author)
Format: Book
Language:English
Published: Nueva York The New American Library 1949
Subjects:
Tags: Add Tag
No Tags, Be the first to tag this record!

MARC

LEADER 00000nam a2200000 a 4500
001 UCN1232
003 CL-VaPUC
008 010420e19490000US |||||||||||||||||eng|d
082 0 4 |a 927.8  |b SUL  |2 21 
100 0 |a Sullivan, J. W  |e author  |9 456707 
245 1 0 |a Beethoven: his spiritual development 
300 |a 114 p 
942 |c BK 
945 |d 20010420 00:00:00  |a crobeson 
260 |a Nueva York  |b The New American Library  |c 1949 
600 0 |a Beethoven, Ludwig van  |d 1770​-1827  |e compositor  |9 306286 
650 0 |a Compositores alemanes  |9 324765 
650 0 |a Biografías  |9 255210 
583 |a last modification  |c 20010420 00:00:00  |k Rodrigo Vera 
999 |c 294807  |d 294805 
952 |0 0  |1 0  |4 0  |6 927_800000000000000_SUL_1949  |7 0  |8 A  |9 347538  |a BIBEDU  |b BIBEDU  |d 2019-11-20  |i 1249649  |o 927.8 SUL 1949  |p 1249649  |r 2023-01-12  |w 2019-11-20  |y BK  |k MUS